GREENLIGHTS RAUCOUS STORIES AND OUTLAW W (Record no. 32651)

MARC details
000 -LEADER
fixed length control field 00342nam a2200133Ia 4500
008 - FIXED-LENGTH DATA ELEMENTS--GENERAL INFORMATION
fixed length control field 240624s9999 xx 000 0 und d
041 ## - LANGUAGE CODE
Language code of text/sound track or separate title eng
082 ## - DEWEY DECIMAL CLASSIFICATION NUMBER
Classification number 791.4302 MCC
100 ## - MAIN ENTRY--PERSONAL NAME
Personal name MCCONAUGHEY MATTHEW
245 ## - TITLE STATEMENT
Title GREENLIGHTS RAUCOUS STORIES AND OUTLAW W
260 ## - PUBLICATION, DISTRIBUTION, ETC.
Date of publication, distribution, etc. 2020
Place of publication, distribution, etc. London
Name of publisher, distributor, etc. Headline
300 ## - PHYSICAL DESCRIPTION
Extent 289p. ;23cm.
365 ## - TRADE PRICE
Currency code RS
Price amount 33
Holdings
Withdrawn status Lost status Damaged status Not for loan Home library Current library Shelving location Date acquired Total Checkouts Full call number Barcode Date due Date last seen Date last checked out Copy number Price effective from Koha item type
        IMTN IMTN Rack 38-A 01/07/2022 1 791.4302 MCC 32651 10/18/2025 10/08/2025 10/08/2025 1 06/24/2024 Books
Designed & Maintained by: LRC IMT Nagpur Contact: lrc@imtnag.ac.in© 2024. All Rights Reserved.